Normal view
MARC view
Entry Personal Name
001 - CONTROL NUMBER
- control field: 86184
003 - CONTROL NUMBER IDENTIFIER
- control field: dpl
005 - DATE AND TIME OF LATEST TRANSACTION
- control field: 20260101151227.0
008 - FIXED-LENGTH DATA ELEMENTS
- fixed length control field: 260101|| aca||aabn | a|a d
040 ## - CATALOGING SOURCE
- Original cataloging agency: dpl
- Transcribing agency: dpl
100 ## - HEADING--PERSONAL NAME
- Personal name: Singhania, Nitin
670 ## - SOURCE DATA FOUND
- Source citation: Work cat.: (dpl)213988: Singhania, Nitin , WBCS General Studies Manual/, 2025
